|
|
|
|
| LEADER |
00000nab a2200000 a 4500 |
| 001 |
vtls000422030 |
| 003 |
SK-MaSNL |
| 005 |
20260318124925.0 |
| 008 |
220422c1990 xo 0 eng |
| 015 |
|
|
|a SNBRA19rr/mm-uuuuu
|
| 035 |
|
|
|a CL0422158
|
| 040 |
|
|
|a SNKBUCL
|b slo
|c SNKBUCL
|e AACR2
|
| 041 |
0 |
|
|a slo
|
| 044 |
|
|
|a xo
|c SK
|
| 080 |
|
|
|a 579.64
|2 1981
|
| 080 |
|
|
|a 631.427
|2 1981
|
| 080 |
|
|
|a 547.992
|2 1981
|
| 100 |
1 |
|
|a Cambel, Bohuslav,
|d 1919-2006
|4 aut
|9 238603
|
| 245 |
1 |
0 |
|a Microbial Transformation of Organic Compounds in Soil
|c B. Cambel
|
| 300 |
|
|
|b Tb. 5. Res. slov., rus., lit. 20 zázn. v slov., češ., angl., ruš.
|
| 650 |
0 |
7 |
|a pôda
|2 snkbucl
|9 1159
|
| 650 |
0 |
7 |
|a kyseliny humínové
|2 snkbucl
|9 1010299
|
| 650 |
0 |
7 |
|a organické zlúčeniny
|2 snkbucl
|9 4318
|
| 655 |
|
7 |
|a články zo zborníkov
|2 snkbucl
|9 166140
|
| 773 |
0 |
|
|t Acta Facultatis rerum naturalium Universitatis Comenianae. Physiologia plantarum 26
|d Bratislava : SPN, 1990
|g S. 69-79
|
| 850 |
|
|
|a Slovenská národná knižnica v Martine
|a MTA001
|
| 852 |
|
|
|a SNK
|b KIS3GCP
|
| 958 |
|
|
|a NB
|
| 958 |
|
|
|a RK
|
| 958 |
|
|
|a ME
|
| 992 |
|
|
|a RZB
|
| 999 |
|
|
|c 2596713
|d 2598643
|